Modelling non-linear wave processes /

Bibliographic Details
Main Author: Berezin, I͡U. A. (I͡Uriĭ Aleksandrovich)
Format: Book
Language:English
Published: Utrecht, the Netherlands : VNU Science Press, 1987.
Subjects:

MARC

Tag First Indicator Second Indicator Subfields
LEADER 00000cam a2200000 a 4500
001 in00000025737
005 20151007054444.0
008 871123s1987 ne a b 00010 eng d
020 |a 9067640751 
035 |a (OCoLC)17017524 
035 |9 AAB5119AM 
040 |a CUS  |c CUS  |d TXA  |d UtOrBLW 
041 1 |a eng  |h rus 
049 |a TXAM  |c [A11052839] 
050 4 |a QA927  |b .B4713 1987 
100 1 |a Berezin, I͡U. A.  |q (I͡Uriĭ Aleksandrovich) 
240 1 0 |a Modelirovanie nelineĭnykh volnovykh prot︠s︡essov.  |l English 
245 1 0 |a Modelling non-linear wave processes /  |c Yu. A. Berezin ; translated by L. Ya. Yuzina. 
264 1 |a Utrecht, the Netherlands :  |b VNU Science Press,  |c 1987. 
300 |a 182 pages :  |b illustrations ;  |c 22 cm. 
336 |a text  |b txt  |2 rdacontent 
337 |a unmediated  |b n  |2 rdamedia 
338 |a volume  |b nc  |2 rdacarrier 
500 |a Translation of: Modelirovanie nelineĭnykh volnovykh prot︠s︡essov. 
504 |a Bibliography: pages [173]-182. 
650 0 |a Nonlinear waves  |x Mathematical models. 
999 |a MARS 
999 f f |s a3def2bd-b63b-3423-8e62-b539a09fcff8  |i 308a2742-2fe4-3ca3-91d2-433a1e1f9789  |t 0 
952 f f |p normal  |a Texas A&M University  |b College Station  |c Sterling C. Evans Library  |d Evans: Library Stacks  |t 0  |e QA927 .B4713 1987  |h Library of Congress classification  |i unmediated -- volume  |m A14811052839 
998 f f |a QA927 .B4713 1987  |t 0  |l Evans: Library Stacks